Entry Personal Name
Number of records used in: 3
001 - CONTROL NUMBER
003 - CONTROL NUMBER IDENTIFIER
005 - DATE AND TIME OF LATEST TRANSACTION
- control field:
20200608141159.0
008 - FIXED-LENGTH DATA ELEMENTS
- fixed length control field:
200608|| aca||aabn | a|a d
040 ## - CATALOGING SOURCE
- Original cataloging agency:
OSt
- Transcribing agency:
OSt
100 ## - HEADING--PERSONAL NAME
- Personal name:
KAPOOR, DR, S.K.
670 ## - SOURCE DATA FOUND
- Source citation:
Work cat.: (OSt): KAPOOR, DR, S.K., LAW OF CONTRACT- 1 , SECS. 1-75 OF THE CONTRACT ACT, 1872 AND THE SPECIFIC RELIEF ACT-1963